[Event "POL-chT 2nd League"]
[Site "Jastrzebia Gora"]
[Date "2022.09.08"]
[Round "6.55"]
[White "Szewczyk, Mariusz1111"]
[Black "Grabowski, Pawel"]
[Result "1-0"]
[WhiteElo "2058"]
[BlackElo "2253"]
[PlyCount "76"]
[EventDate "2022.09.03"]
[EventType "team-swiss"]
[EventRounds "9"]
[EventCountry "POL"]
[SourceTitle "CBM 210 Extra"]
[Source "ChessBase"]
[SourceDate "2022.11.30"]
[SourceVersion "1"]
[SourceVersionDate "2022.11.30"]
[SourceQuality "1"]
[WhiteTeam "Bialoleka Sparta"]
[BlackTeam "Gdansk Korona"]
[WhiteTeamCountry "POL"]
[BlackTeamCountry "POL"]

1. e4 e5 2. Nf3 Nc6 3. Bc4 g6 4. d4 exd4 5. Nxd4 Bg7 6. Nxc6 bxc6 7. 0-0 Ne7 8. Nc3 0-0 9. Be3 d6 10. Bd4 Be6 11. Bxg7 Kxg7 12. Bxe6 fxe6 13. e5 Nd5 14. Qe1 Qe7 15. Rd1 Rf5 16. exd6 cxd6 17. Ne4 Rd8 18. Qd2 Nf6 19. Ng3 Rd5 20. Qe2 Rxd1 21. Rxd1 e5 22. Qa6 Qc7 23. Rd3 d5 24. Ra3 Rd7 25. Rc3 c5 26. Qb5 c4 27. b3 Qd8 28. bxc4 d4 29. Rd3 e4 30. Rd1 d3 31. cxd3 exd3 32. Qe5 Rd4 33. c5 Qd5 34. Qe7+ Qf7 35. Qe3 Rd8 36. Rxd3 Ng4 37. Nf5+ Qxf5 38. Qe7+ Kh6 1-0

[Event "POL-chT 2nd League"]
[Site "Jastrzebia Gora"]
[Date "2022.09.06"]
[Round "4.54"]
[White "Janeczko, Jakub"]
[Black "Grabowski, Pawel"]
[Result "1-0"]
[WhiteElo "2159"]
[BlackElo "2253"]
[PlyCount "39"]
[EventDate "2022.09.03"]
[EventType "team-swiss"]
[EventRounds "9"]
[EventCountry "POL"]
[SourceTitle "CBM 210 Extra"]
[Source "ChessBase"]
[SourceDate "2022.11.30"]
[SourceVersion "1"]
[SourceVersionDate "2022.11.30"]
[SourceQuality "1"]
[WhiteTeam "Warszawa Czternastka"]
[BlackTeam "Gdansk Korona"]
[WhiteTeamCountry "POL"]
[BlackTeamCountry "POL"]

1. e4 e5 2. Nf3 Nc6 3. Nc3 g6 4. d4 exd4 5. Nxd4 Bg7 6. Be3 Nf6 7. Nxc6 dxc6 8. Qd5 Qd7 9. Qxd7+ Bxd7 10. 0-0-0 Be6 11. Be2 Nd7 12. f4 Bxc3 13. bxc3 f6 14. g4 Nb6 15. f5 Bc4 16. Bd3 Bxd3 17. cxd3 gxf5 18. gxf5 Kd7 19. Bh6 Rhg8 20. Rhg1 1-0

[Event "POL-chT 2nd League"]
[Site "Jastrzebia Gora"]
[Date "2022.09.04"]
[Round "2.32"]
[White "Kokoszczynski, Jan"]
[Black "Grabowski, Pawel"]
[Result "1-0"]
[WhiteElo "2313"]
[BlackElo "2253"]
[PlyCount "68"]
[EventDate "2022.09.03"]
[EventType "team-swiss"]
[EventRounds "9"]
[EventCountry "POL"]
[SourceTitle "CBM 210 Extra"]
[Source "ChessBase"]
[SourceDate "2022.11.30"]
[SourceVersion "1"]
[SourceVersionDate "2022.11.30"]
[SourceQuality "1"]
[WhiteTeam "Plock Hetman"]
[BlackTeam "Gdansk Korona"]
[WhiteTeamCountry "POL"]
[BlackTeamCountry "POL"]

1. d4 Nf6 2. c4 g6 3. Nc3 Bg7 4. e4 d6 5. Nf3 0-0 6. h3 c6 7. Be3 a6 8. c5 b5 9. cxb6 Qxb6 10. Qd2 a5 11. Be2 Ba6 12. 0-0 Bxe2 13. Qxe2 Na6 14. Rac1 Rfc8 15. Rfd1 Qb7 16. e5 Ne8 17. b3 Nb4 18. Bf4 Nd5 19. Nxd5 cxd5 20. exd6 Nxd6 21. Bxd6 exd6 22. Qd2 Rxc1 23. Rxc1 h6 24. h4 a4 25. b4 a3 26. Rb1 Qb5 27. Rb3 Kh7 28. g3 Qc4 29. Qe3 Rb8 30. b5 Rb6 31. Kg2 Qc2 32. Rc3 Qe4 33. Rxa3 Rxb5 34. Qd2 Rb4 1-0

[Event "Titled Tuesday intern op 28th Dec"]
[Site "Chess.com INT"]
[Date "2021.12.28"]
[Round "7"]
[White "Cunha, Lucas Aguiar"]
[Black "Grabowski, Pawel"]
[Result "0-1"]
[WhiteElo "2328"]
[BlackElo "2281"]
[PlyCount "78"]
[EventDate "2021.12.28"]
[EventType "swiss (blitz)"]
[EventRounds "11"]
[EventCountry "USA"]
[SourceTitle "CBM 206 Extra"]
[Source "ChessBase"]
[SourceDate "2022.03.31"]
[SourceVersion "1"]
[SourceVersionDate "2022.03.31"]
[SourceQuality "1"]

1. e4 e5 2. Nf3 Nc6 3. Nc3 g6 4. d4 exd4 5. Nd5 Bg7 6. Bg5 f6 7. Bh4 d6 8. Nxd4 Nxd4 9. Qxd4 Be6 10. 0-0-0 Bxd5 11. exd5 Nh6 12. Bb5+ Kf7 13. g4 a6 14. Bd3 g5 15. Bg3 f5 16. Qe3 Re8 17. Qf3 f4 18. h4 Qf6 19. c3 fxg3 20. Qxg3 Qf4+ 21. Qxf4+ gxf4 22. f3 Re3 23. g5 Ng8 24. Rhf1 h6 25. a4 hxg5 26. hxg5 Ne7 27. Be4 Rh8 28. Rf2 Ng6 29. Kc2 Ne5 30. Kb3 Rh3 31. Rdf1 Rg3 32. g6+ Nxg6 33. a5 Ne5 34. Ra1 Nd3 35. Rh2 Nc5+ 36. Kc2 Nxe4 37. fxe4 Rxe4 38. Ra3 f3 39. Kd3 f2+ 0-1

[Event "Titled Tuesday intern op 28th Dec"]
[Site "Chess.com INT"]
[Date "2021.12.28"]
[Round "6"]
[White "Grabowski, Pawel"]
[Black "Bongo Akanga Ndjila, Barthelemy"]
[Result "1-0"]
[WhiteElo "2281"]
[BlackElo "1803"]
[PlyCount "51"]
[EventDate "2021.12.28"]
[EventType "swiss (blitz)"]
[EventRounds "11"]
[EventCountry "USA"]
[SourceTitle "CBM 206 Extra"]
[Source "ChessBase"]
[SourceDate "2022.03.31"]
[SourceVersion "1"]
[SourceVersionDate "2022.03.31"]
[SourceQuality "1"]

1. d4 d5 2. Nf3 Nf6 3. e3 e6 4. Bd3 c5 5. b3 cxd4 6. exd4 Nbd7 7. 0-0 Bd6 8. c4 b6 9. Bg5 Bb7 10. Nbd2 h6 11. Bh4 0-0 12. Rc1 Ba3 13. Rc2 Rc8 14. Re1 Re8 15. Ne5 g5 16. Bg3 Qe7 17. Nxd7 Qxd7 18. Be5 Be7 19. c5 bxc5 20. dxc5 Nh7 21. Qh5 Bf8 22. b4 f6 23. Bxh7+ Kxh7 24. Bxf6 Qa4 25. Nf3 Qxc2 26. Qf7+ 1-0

[Event "Titled Tuesday intern op 28th Dec"]
[Site "Chess.com INT"]
[Date "2021.12.28"]
[Round "5"]
[White "Grabowski, Pawel"]
[Black "Taboas Rodriguez, Daniel"]
[Result "0-1"]
[WhiteElo "2281"]
[BlackElo "2367"]
[PlyCount "94"]
[EventDate "2021.12.28"]
[EventType "swiss (blitz)"]
[EventRounds "11"]
[EventCountry "USA"]
[SourceTitle "CBM 206 Extra"]
[Source "ChessBase"]
[SourceDate "2022.03.31"]
[SourceVersion "1"]
[SourceVersionDate "2022.03.31"]
[SourceQuality "1"]

1. d4 Nf6 2. Nf3 g6 3. c4 Bg7 4. Nc3 0-0 5. e4 d6 6. Be2 e5 7. dxe5 dxe5 8. Qxd8 Rxd8 9. Bg5 c6 10. Nd2 Be6 11. f3 Nbd7 12. 0-0-0 h6 13. Bh4 Bf8 14. a3 Bc5 15. Nb3 Be3+ 16. Kc2 g5 17. Bg3 Nh5 18. Be1 Nf4 19. Bf1 Nb6 20. Bd2 Bf2 21. g3 Ng6 22. Na5 Rd7 23. Be2 Rad8 24. b4 Bd4 25. c5 Na8 26. Bc4 Nc7 27. Bxe6 Nxe6 28. Nc4 b6 29. cxb6 axb6 30. Ne2 b5 31. Na5 c5 32. bxc5 Bxc5 33. Bb4 Nd4+ 34. Nxd4 Bxd4 35. Kb3 Rc8 36. Rc1 Rdc7 37. Bd2 Ne7 38. Rxc7 Rxc7 39. Rc1 Rxc1 40. Bxc1 f5 41. Kb4 g4 42. fxg4 fxe4 43. Kxb5 e3 44. Nc4 e2 45. Bd2 Bf2 46. Nxe5 e1Q 47. Bxe1 Bxe1 0-1

[Event "Titled Tuesday intern op 28th Sept"]
[Site "Chess.com INT"]
[Date "2021.09.28"]
[Round "4"]
[White "Bok, Benjamin"]
[Black "Grabowski, Pawel"]
[Result "1-0"]
[WhiteElo "2619"]
[BlackElo "2285"]
[PlyCount "31"]
[EventDate "2021.09.28"]
[EventType "swiss (blitz)"]
[EventRounds "11"]
[EventCountry "USA"]
[SourceTitle "CBM 204 Extra"]
[Source "ChessBase"]
[SourceDate "2021.11.30"]
[SourceVersion "1"]
[SourceVersionDate "2021.11.30"]
[SourceQuality "1"]

1. d4 Nf6 2. c4 g6 3. g3 Bg7 4. Bg2 0-0 5. Nc3 d6 6. Nf3 Nc6 7. 0-0 e5 8. dxe5 dxe5 9. Bg5 Qxd1 10. Rfxd1 h6 11. Be3 Re8 12. Nb5 Rf8 13. Nxc7 Rb8 14. Bc5 Rd8 15. Rxd8+ Nxd8 16. Bxa7 1-0

[Event "Titled Tuesday intern op 28th Sept"]
[Site "Chess.com INT"]
[Date "2021.09.28"]
[Round "8"]
[White "Grabowski, Pawel"]
[Black "Gaehwiler, Gabriel"]
[Result "0-1"]
[WhiteElo "2285"]
[BlackElo "2402"]
[PlyCount "142"]
[EventDate "2021.09.28"]
[EventType "swiss (blitz)"]
[EventRounds "11"]
[EventCountry "USA"]
[SourceTitle "CBM 204 Extra"]
[Source "ChessBase"]
[SourceDate "2021.11.30"]
[SourceVersion "1"]
[SourceVersionDate "2021.11.30"]
[SourceQuality "1"]

1. d4 Nf6 2. Nf3 g6 3. c4 Bg7 4. Nc3 0-0 5. e4 d6 6. Be2 Bg4 7. 0-0 e5 8. dxe5 dxe5 9. Qxd8 Rxd8 10. Bg5 Re8 11. Nd2 Bxe2 12. Nxe2 c6 13. f3 Na6 14. Nb3 Nc7 15. Rfd1 Ne6 16. Be3 Bf8 17. a3 a5 18. a4 Bb4 19. Bb6 Re7 20. Rd3 Nd7 21. Be3 Ndc5 22. Nxc5 Nxc5 23. Bxc5 Bxc5+ 24. Kf1 f5 25. exf5 gxf5 26. Rad1 Rae8 27. Ng3 Rf7 28. Rd7 Ref8 29. Ke2 Bd4 30. Rxf7 Rxf7 31. b3 c5 32. Nf1 Rg7 33. g3 Kf7 34. Ne3 Ke6 35. Nd5 Rg6 36. Kf1 Rg8 37. Re1 Rd8 38. Kg2 Rg8 39. h3 h5 40. Nf4+ Kf7 41. Nxh5 Rg6 42. g4 Rb6 43. Rb1 Rb4 44. Ng3 b5 45. cxb5 c4 46. Nxf5 Rxb3 47. Rc1 c3 48. Nd6+ Ke6 49. Ne4 Ra3 50. b6 Rb3 51. b7 Rxb7 52. Nxc3 Rb2+ 53. Kh1 Rb3 54. Ne4 Kd5 55. Nd2 Rb2 56. Rd1 Ra2 57. f4 Ke6 58. fxe5 Bxe5 59. Nc4 Bc7 60. Re1+ Kd5 61. Ne3+ Kd4 62. Nf5+ Kd5 63. Rd1+ Ke4 64. Rc1 Bf4 65. Rc4+ Kf3 66. Rxf4+ Kxf4 67. Nd6 Kg3 68. Ne4+ Kxh3 69. Kg1 Kxg4 70. Nc5 Kf3 71. Nb3 Rxa4 0-1

[Event "Titled Tuesday intern op 28th Sept"]
[Site "Chess.com INT"]
[Date "2021.09.28"]
[Round "7"]
[White "Potapova, Margarita"]
[Black "Grabowski, Pawel"]
[Result "0-1"]
[WhiteElo "2257"]
[BlackElo "2285"]
[PlyCount "118"]
[EventDate "2021.09.28"]
[EventType "swiss (blitz)"]
[EventRounds "11"]
[EventCountry "USA"]
[SourceTitle "CBM 204 Extra"]
[Source "ChessBase"]
[SourceDate "2021.11.30"]
[SourceVersion "1"]
[SourceVersionDate "2021.11.30"]
[SourceQuality "1"]

1. d4 Nf6 2. c4 g6 3. Nc3 Bg7 4. e4 d6 5. h3 0-0 6. Be3 c6 7. Bd3 a6 8. a4 a5 9. Nge2 Na6 10. Rc1 e5 11. 0-0 Nb4 12. Bb1 Nd7 13. f4 exd4 14. Bxd4 Bxd4+ 15. Qxd4 Qb6 16. Rcd1 Rd8 17. Kh2 Qxd4 18. Rxd4 Nc5 19. Rfd1 d5 20. cxd5 cxd5 21. Nxd5 Nxd5 22. Rxd5 Rxd5 23. Rxd5 Nxa4 24. Rd8+ Kg7 25. b3 Nc5 26. Nd4 b6 27. e5 Bb7 28. Rd6 Ra6 29. e6 fxe6 30. Nxe6+ Nxe6 31. Rxe6 Kf7 32. Rd6 Ke7 33. Rd2 Bc6 34. f5 gxf5 35. Bxf5 h6 36. g4 a4 37. bxa4 Rxa4 38. Rb2 b5 39. Bd3 b4 40. Bc2 Ra3 41. Rxb4 Ra2 42. Rc4 Bd5 43. Rc5 Kd6 44. Rc8 Be4 45. Kg3 Bxc2 46. Rh8 Ke5 47. Rxh6 Ra3+ 48. Kh4 Be4 49. Rh8 Bg2 50. Re8+ Kf6 51. Rf8+ Kg7 52. Rf2 Rxh3+ 53. Kg5 Bd5 54. Rd2 Be6 55. Rd6 Kf7 56. Rb6 Rc3 57. Rb7+ Kg8 58. Kf6 Bd5 59. g5 Bxb7 0-1

[Event "Titled Tuesday intern op 28th Sept"]
[Site "Chess.com INT"]
[Date "2021.09.28"]
[Round "11"]
[White "Rottenwohrer Suarez, Juan"]
[Black "Grabowski, Pawel"]
[Result "0-1"]
[WhiteElo "2240"]
[BlackElo "2285"]
[PlyCount "114"]
[EventDate "2021.09.28"]
[EventType "swiss (blitz)"]
[EventRounds "11"]
[EventCountry "USA"]
[SourceTitle "CBM 204 Extra"]
[Source "ChessBase"]
[SourceDate "2021.11.30"]
[SourceVersion "1"]
[SourceVersionDate "2021.11.30"]
[SourceQuality "1"]

1. Nf3 Nf6 2. c4 g6 3. b3 Bg7 4. Bb2 0-0 5. g3 b6 6. Bg2 Bb7 7. 0-0 c5 8. d4 cxd4 9. Qxd4 d6 10. Nc3 Nc6 11. Qd2 Ne5 12. Rad1 Nxf3+ 13. exf3 Nd7 14. Rfe1 Re8 15. Nd5 Bxb2 16. Qxb2 Bxd5 17. Rxd5 Rc8 18. f4 Rc5 19. Qd2 Rxd5 20. Qxd5 Qc7 21. h4 Nf6 22. Qd3 h5 23. f5 Kg7 24. fxg6 fxg6 25. Re6 Qc5 26. Bd5 b5 27. Qe2 Qc7 28. Be4 bxc4 29. bxc4 Qb6 30. Bd3 Kf7 31. Kg2 Qd4 32. f3 a5 33. g4 hxg4 34. fxg4 Qxg4+ 35. Qxg4 Nxg4 36. Bxg6+ Kxe6 37. Bxe8 Ne3+ 38. Kf3 Nxc4 39. h5 Kf6 40. Ke4 Nb6 41. Kd4 e5+ 42. Ke4 d5+ 43. Kd3 Nc4 44. Bc6 Nb6 45. Be8 Kg5 46. Bf7 e4+ 47. Kd4 a4 48. Ke3 Nc4+ 49. Kd4 e3 50. Bxd5 e2 51. Bxc4 e1Q 52. Kc5 Kxh5 53. Kb5 a3 54. Ka4 Qc3 55. Bb3 Qc5 56. Bd1+ Kg5 57. Bb3 Kf4 0-1

[Event "Titled Tuesday intern op 28th Sept"]
[Site "Chess.com INT"]
[Date "2021.09.28"]
[Round "3"]
[White "Rustemov, Alexander"]
[Black "Grabowski, Pawel"]
[Result "1/2-1/2"]
[WhiteElo "2525"]
[BlackElo "2285"]
[PlyCount "141"]
[EventDate "2021.09.28"]
[EventType "swiss (blitz)"]
[EventRounds "11"]
[EventCountry "USA"]
[SourceTitle "CBM 204 Extra"]
[Source "ChessBase"]
[SourceDate "2021.11.30"]
[SourceVersion "1"]
[SourceVersionDate "2021.11.30"]
[SourceQuality "1"]

1. d4 Nf6 2. c4 g6 3. Nf3 Bg7 4. g3 0-0 5. Bg2 d6 6. Nc3 Nc6 7. 0-0 e5 8. h3 Re8 9. dxe5 dxe5 10. Bg5 Qxd1 11. Rfxd1 h6 12. Be3 Be6 13. b3 e4 14. Nd4 Nxd4 15. Bxd4 h5 16. Rac1 c6 17. Bxf6 Bxf6 18. Nxe4 Bg7 19. Nd6 Re7 20. c5 f5 21. Nxb7 Rxb7 22. Bxc6 Rab8 23. Bxb7 Rxb7 24. Rd6 Kf7 25. h4 Be5 26. Ra6 f4 27. gxf4 Bxf4 28. e3 Bb8 29. c6 Re7 30. c7 Bxc7 31. Rxa7 Bh2+ 32. Kxh2 Rxa7 33. Rc2 Rb7 34. Kg3 Rb4 35. f3 Kf6 36. e4 Rd4 37. Rb2 Rd1 38. b4 Bc8 39. a4 Ke5 40. Rc2 Bd7 41. Rc5+ Kd6 42. a5 Rb1 43. Rg5 Be8 44. Rd5+ Ke6 45. Rd4 Ke5 46. Rc4 Bf7 47. Rc7 Ke6 48. Rb7 Be8 49. Kf4 Bc6 50. Rb6 Kd6 51. a6 Kc7 52. Rxc6+ Kxc6 53. Kg5 Rxb4 54. Kxg6 Rb5 55. f4 Kd6 56. f5 Ke7 57. a7 Ra5 58. e5 Kf8 59. e6 Rxa7 60. Kxh5 Kg7 61. Kg5 Ra5 62. h5 Re5 63. h6+ Kh7 64. Kf6 Re3 65. Ke7 Kxh6 66. f6 Rf3 67. Kf7 Kg5 68. e7 Rxf6+ 69. Kg8 Re6 70. Kf7 Rxe7+ 71. Kxe7 1/2-1/2

[Event "Titled Tuesday intern op 21st Sept"]
[Site "Chess.com INT"]
[Date "2021.09.21"]
[Round "7"]
[White "Grabowski, Pawel"]
[Black "Einarsson, Halldor Gretar"]
[Result "0-1"]
[WhiteElo "2285"]
[BlackElo "2227"]
[PlyCount "34"]
[EventDate "2021.09.21"]
[EventType "swiss (blitz)"]
[EventRounds "9"]
[EventCountry "USA"]
[SourceTitle "EXT 2022"]
[Source "ChessBase"]
[SourceDate "2021.10.06"]
[SourceVersion "1"]
[SourceVersionDate "2021.10.06"]
[SourceQuality "1"]

1. d4 e6 2. c4 f5 3. g3 Nf6 4. Bg2 d5 5. Nh3 Bd6 6. Nc3 c6 7. 0-0 0-0 8. Bf4 Be7 9. Qb3 h6 10. Rfe1 g5 11. Bd2 Nbd7 12. Rad1 Qe8 13. Bc1 Qh5 14. f3 Nb6 15. c5 Nc4 16. Qc2 e5 17. e3 f4 0-1

[Event "Krakow op-A 30th"]
[Site "Krakow"]
[Date "2019.12.29"]
[Round "4"]
[White "Grabowski, Pawel"]
[Black "Fus, Jakub"]
[Result "1/2-1/2"]
[WhiteElo "2281"]
[BlackElo "2363"]
[PlyCount "92"]
[EventDate "2019.12.27"]
[EventType "swiss"]
[EventRounds "9"]
[EventCountry "POL"]
[SourceTitle "CBM 194 Extra"]
[Source "ChessBase"]
[SourceDate "2020.03.31"]
[SourceVersion "1"]
[SourceVersionDate "2020.03.31"]
[SourceQuality "1"]

1. d4 Nf6 2. c4 e6 3. Nf3 d5 4. Nc3 c6 5. e3 Nbd7 6. Be2 dxc4 7. Bxc4 b5 8. Be2 Bd6 9. a4 b4 10. Nb1 0-0 11. Nbd2 c5 12. Nc4 Qc7 13. 0-0 Bb7 14. Nxd6 Qxd6 15. b3 Rfd8 16. Bb2 Ne4 17. Rc1 Rac8 18. Nd2 Nxd2 19. Qxd2 Ne5 20. f3 Nc6 21. Rfd1 cxd4 22. exd4 Ne7 23. Rxc8 Rxc8 24. Rc1 Rxc1+ 25. Qxc1 Bd5 26. Bc4 f6 27. Bxd5 exd5 28. g3 Kf7 29. Qc2 Qe6 30. Kg2 Qf5 31. Qxf5 Nxf5 32. Kf2 h5 33. h3 g5 34. g4 Ne7 35. Bc1 hxg4 36. hxg4 Nc6 37. Ke3 Kg6 38. Bd2 f5 39. gxf5+ Kxf5 40. Be1 g4 41. fxg4+ Kxg4 42. Kd3 Kf3 43. Bh4 a6 44. Be1 Kf4 45. Bd2+ Kf3 46. Be1 Kf4 1/2-1/2

[Event "Heusenstamm Sparkassen op-A 6th"]
[Site "Heusenstamm"]
[Date "2019.11.22"]
[Round "3"]
[White "Bakiev, Diyor"]
[Black "Grabowski, Pawel"]
[Result "1-0"]
[WhiteElo "2084"]
[BlackElo "2271"]
[PlyCount "97"]
[EventDate "2019.11.21"]
[EventType "swiss"]
[EventRounds "7"]
[EventCountry "GER"]
[SourceTitle "CBM 193 Extra"]
[Source "ChessBase"]
[SourceDate "2020.01.31"]
[SourceVersion "1"]
[SourceVersionDate "2020.01.31"]
[SourceQuality "1"]

1. e4 e5 2. Nf3 Nc6 3. Bb5 a6 4. Ba4 Nf6 5. Qe2 Bc5 6. 0-0 0-0 7. c3 Qe7 8. d3 b5 9. Bc2 h6 10. h3 d6 11. Rd1 Nh7 12. Nbd2 Bb6 13. Nf1 Nd8 14. Kh2 Ne6 15. g4 c6 16. Ng3 Nhg5 17. Nf5 Qf6 18. Kg2 Nxf3 19. Qxf3 Ng5 20. Qg3 Nh7 21. h4 Bd8 22. Rh1 Bxf5 23. gxf5 Kh8 24. Be3 Rg8 25. Rag1 Be7 26. Kf1 d5 27. d4 dxe4 28. Bxe4 Bd6 29. dxe5 Bxe5 30. f4 Bxc3 31. bxc3 Qxc3 32. Bf2 Qc4+ 33. Qd3 Qc1+ 34. Kg2 Qxf4 35. Bg3 Qg4 36. Qf3 Qxf3+ 37. Bxf3 Rac8 38. Rc1 Rgd8 39. Rhd1 Rxd1 40. Rxd1 Nf6 41. Rd6 c5 42. Rxa6 c4 43. Ra8 Rxa8 44. Bxa8 b4 45. Be5 Ng4 46. Bd4 b3 47. a4 c3 48. Bxc3 Ne3+ 49. Kf3 1-0

[Event "Heusenstamm Sparkassen op-A 6th"]
[Site "Heusenstamm"]
[Date "2019.11.21"]
[Round "1"]
[White "Hegel, Christoph"]
[Black "Grabowski, Pawel"]
[Result "0-1"]
[WhiteElo "1928"]
[BlackElo "2271"]
[PlyCount "108"]
[EventDate "2019.11.21"]
[EventType "swiss"]
[EventRounds "7"]
[EventCountry "GER"]
[SourceTitle "CBM 194 Extra"]
[Source "ChessBase"]
[SourceDate "2020.03.31"]
[SourceVersion "1"]
[SourceVersionDate "2020.03.31"]
[SourceQuality "1"]

1. d4 Nf6 2. Nf3 g6 3. Nc3 Bg7 4. e4 d6 5. Be3 c6 6. Qd2 Ng4 7. Bg5 Qc7 8. h3 Nf6 9. e5 dxe5 10. dxe5 Nfd7 11. e6 fxe6 12. Bh6 0-0 13. Bxg7 Kxg7 14. Bd3 Ne5 15. Ng5 h6 16. Nge4 Nbd7 17. h4 Nxd3+ 18. Qxd3 Qf4 19. Ne2 Qf5 20. 0-0-0 Nf6 21. f3 Nxe4 22. fxe4 Qc5 23. h5 Qg5+ 24. Kb1 e5 25. hxg6 Bg4 26. Rde1 Rad8 27. Qb3 Bxe2 28. Rxe2 b5 29. a4 a6 30. g4 Rd6 31. Reh2 Rxg6 32. Rh5 Qf4 33. Qc3 Re6 34. g5 Qxe4 35. Rxh6 Rxh6 36. Rxh6 Rf1+ 37. Ka2 Qxa4+ 38. Qa3 Qc4+ 39. Qb3 Rf4 40. Re6 Kf7 41. Rxe5 e6 42. g6+ Ke7 43. Rg5 Qxb3+ 44. Kxb3 Rf8 45. Kb4 Kf6 46. Rg2 Rg8 47. Kc5 Rxg6 48. Re2 Rg5+ 49. Kxc6 b4 50. Kd6 Rd5+ 51. Kc6 Rb5 52. Kd6 e5 53. Rf2+ Kg5 54. b3 e4 0-1

[Event "NRW Class2 1819"]
[Site "Germany"]
[Date "2018.11.18"]
[Round "3.4"]
[White "Reinke, Markus"]
[Black "Grabowski, Pawel"]
[Result "1-0"]
[WhiteElo "2186"]
[BlackElo "2199"]
[PlyCount "55"]
[EventDate "2018.09.16"]
[EventType "team-tourn"]
[EventRounds "9"]
[EventCountry "GER"]
[SourceTitle "EXT 2022"]
[Source "ChessBase"]
[SourceDate "2021.10.06"]
[SourceVersion "1"]
[SourceVersionDate "2021.10.06"]
[SourceQuality "1"]
[WhiteTeam "Duesseldorf II"]
[BlackTeam "Godesberg"]
[WhiteTeamCountry "GER"]
[BlackTeamCountry "GER"]

1. e4 e5 2. f4 exf4 3. Bc4 d6 4. d4 Qh4+ 5. Kf1 Qf6 6. Nc3 Ne7 7. Nf3 a6 8. e5 dxe5 9. Ne4 Qf5 10. dxe5 Nbc6 11. Neg5 Be6 12. Bd3 Rd8 13. Qe2 Qg4 14. h3 Qh5 15. Bxf4 Nd5 16. Bd2 Ndb4 17. Be4 h6 18. Nxe6 fxe6 19. g4 Qf7 20. Kg2 Nd5 21. Rhf1 Nf4+ 22. Bxf4 Qxf4 23. Qc4 Ke7 24. Rad1 Rxd1 25. Rxd1 h5 26. Rd7+ Kxd7 27. Bxc6+ bxc6 28. Qxf4 1-0

[Event "NRW Class2 1718"]
[Site "Germany"]
[Date "2017.09.17"]
[Round "1.2"]
[White "Grabowski, Pawel"]
[Black "Andreev, Eduard"]
[Result "0-1"]
[WhiteElo "2293"]
[BlackElo "2383"]
[PlyCount "108"]
[EventDate "2017.09.17"]
[EventType "team-tourn"]
[EventRounds "9"]
[EventCountry "GER"]
[SourceTitle "EXT 2019"]
[Source "ChessBase"]
[SourceDate "2018.10.10"]
[SourceVersion "1"]
[SourceVersionDate "2018.10.10"]
[SourceQuality "1"]
[WhiteTeam "Godesberg"]
[BlackTeam "Siegburg"]
[WhiteTeamCountry "GER"]
[BlackTeamCountry "GER"]

1. d4 Nf6 2. c4 e6 3. Nf3 Bb4+ 4. Nbd2 0-0 5. a3 Be7 6. b3 d5 7. e3 b6 8. Bd3 Bb7 9. Qc2 Nbd7 10. Bb2 c5 11. 0-0 cxd4 12. cxd5 dxe3 13. fxe3 Rc8 14. Qb1 Nc5 15. e4 Nxd3 16. Qxd3 exd5 17. Bxf6 dxe4 18. Qxd8 Bxd8 19. Bxd8 Rcxd8 20. Nxe4 Bxe4 21. Rae1 Rfe8 22. Re3 h6 23. Rc1 Bxf3 24. Rxf3 Re2 25. h3 Rd7 26. Rc8+ Kh7 27. Rf8 f6 28. Kh2 Red2 29. Rc8 R2d3 30. Rc7 Rxc7 31. Rxd3 g5 32. b4 Kg6 33. Rd5 Rc4 34. Rb5 Re4 35. Rd5 h5 36. Kg1 Re1+ 37. Kf2 Ra1 38. Rd3 Ra2+ 39. Kf3 h4 40. Rc3 f5 41. Re3 Kh5 42. Rd3 g4+ 43. Kf4 Rf2+ 44. Ke5 Kg5 45. hxg4 fxg4 46. g3 hxg3 47. Rxg3 Rf3 48. Rg1 Rxa3 49. Rc1 Rb3 50. Rc7 Rxb4 51. Rxa7 g3 52. Rg7+ Kh4 53. Kf5 Kh3 54. Rh7+ Rh4 0-1